000 00395nam a22001457a 4500
999 _c1978
_d1978
008 200210b ||||| |||| 00| 0 eng d
100 _91580
_aKreith, Frank
245 1 0 _aPrinciples of heat transfer
_cby Frank Kreith and Mark S. Bohn
250 _a5th ed.
260 _aBoston
_bPWS
_c1997
300 _axviii,720p.
650 0 _aHeat Transmission
700 _91581
_aBohn, Mark S.
942 _cBK